عرض عادي
عرض مارك
- Aged
مدخل مصطلح موضوعي
001 - رقم الضبط
- حقل الضبط: 19334
003 - معرف رقم الضبط
- حقل الضبط: OSt
005 - تاريخ ووقت أخر عملية
- حقل الضبط: 20121230185602.0
008 - عناصر بيانات ثابتة الطول
- حقل تحكم ثابت الطول: 121230|||a|||||| | ||| d
040 ## - مصدر الفهرسة
- هيئة الفهرسة الأصلية: OSt
- وكالة الكتابة: OSt
150 ## - مدخل-- مصطلح تاريخي
- عنصر مدخل المصطلح الموضوعي او الاسم الجغرافي: Aged
- تفريع عام: psychology.
670 ## - بيانات المصدر موجوده
- الاستشهاد بالمصدر: Work cat.: (OSt)0: Nursing older adults /, 2012.
